01238nam a2200277 a 450000100060000000300080000600500170001400800410003103500190007204000260009104100080011708200300012511101150015524501340027026000560040430000200046050000630048050400400054365100480058365100460063170000280067771000610070594200120076699900170077895201650079559301BD-RjUL20211209080720.0161222s1973 ii b 100 0 eng d a(BD-RjUL)59425 aBD-RjULbengcBD-RjUL aeng 223a330.9541405bMOD 19732 aSeminar on Modern Bengal, a Socio-Economic Surveyd(1971 :cInstitute of Historical Studies, Calcutta)917639100aModern Bengal :ba socio-economic survey : proceedings of a seminar held at the Institute in September 1971 /cedited by S.P. Sen aCalcutta :bInstitute of Historical Studies,cc1973 a97 p. ;c23 cm. aOrganized by the Institute of Historical Studies, Calcutta aIncludes bibliographical references 0aBengal (India)xEconomic conditions9176387 0aBengal (India)xSocial conditions91763881 aSen, Siba Pada.91763892 aInstitute of Historical Studies (Kolkata, India)9176390 2ddccBK c59301d59301 00102ddc40718NFICaRUCLbRUCLcReadingd1974-12-02eDhaka, Paragon Enterprises Ltdg15.00l0o330.9541405 SEM 1973r2016-12-22 00:00:00tC-1w2021-12-09yBK